MARC

LEADER 00000nam0a2200000 4500
001 249915
005 20231101232522.0
035 |a (RuTPU)RU\TPU\book\272046 
090 |a 249915 
100 |a 20140210d1988 k y0rusy50 ca 
101 0 |a rus 
102 |a RU 
105 |a a z 001zy 
200 1 |a Экономические проблемы ускорения научно-технического прогресса в электроизмерительном приборостроении  |e сборник научных трудов  |f Всесоюзный научно-исследовательский институт электроизмерительных приборов (ВНИИЭП) ; под ред. В. Г. Халькова 
210 |a Ленинград  |c Изд-во ВНИИЭП  |d 1988 
215 |a 154 с.  |c ил. 
320 |a Библиогр. в конце ст. 
606 1 |a Электроприборостроение  |x Автоматизация  |2 stltpush  |3 (RuTPU)RU\TPU\subj\20677  |9 45765 
610 1 |a экономические проблемы 
610 1 |a научно-технический прогресс 
610 1 |a ускорение 
610 1 |a экономические факторы 
610 1 |a перспективное планирование 
610 1 |a прикладные программы 
610 1 |a хозяйственный расчет 
610 1 |a самоокупаемость 
610 1 |a самофинансирование 
610 1 |a НОТ 
610 1 |a учет 
610 1 |a аттестация 
675 |a 621.317.7002  |v 3 
702 1 |a Хальков  |b В. Г.  |4 340 
712 0 2 |a Всесоюзный научно-исследовательский институт электроизмерительных приборов (ВНИИЭП)  |c (Ленинград)  |c (1952-1993)  |2 stltpush  |3 (RuTPU)RU\TPU\col\15660 
801 1 |a RU  |b 63413507  |c 20140210 
801 2 |a RU  |b 63413507  |c 20140217  |g RCR 
942 |c BK